Mấy vần đề về bản sắc văn hóa dân tộc

Sách nêu lên những thách thức trong việc giữ gìn, phát huy bản sắc văn hóa dân tộc và giải pháp về sự kế thừa, phát huy nó trong quá trình công nghiệp hóa hiện đại hoá đất nước; đồng thời giới thiệu một số khuôn mặt văn học hiện đa...

Ful tanımlama

Kaydedildi:
Detaylı Bibliyografya
Yazar: Nguyễn Văn Thức
Materyal Türü: Kitap
Dil:Undetermined
Baskı/Yayın Bilgisi: Tp. HCM Nxb. Tp. HCM 2000
Konular:
Etiketler: Etiketle
Etiket eklenmemiş, İlk siz ekleyin!
Thư viện lưu trữ: Trung tâm Học liệu Trường Đại học Cần Thơ
LEADER 01343nam a2200181Ia 4500
001 CTU_37924
008 210402s9999 xx 000 0 und d
082 |a 306.09597 
082 |b Th502 
100 |a Nguyễn Văn Thức 
245 0 |a Mấy vần đề về bản sắc văn hóa dân tộc 
245 0 |c Nguyễn Văn Thức 
260 |a Tp. HCM 
260 |b Nxb. Tp. HCM 
260 |c 2000 
520 |a Sách nêu lên những thách thức trong việc giữ gìn, phát huy bản sắc văn hóa dân tộc và giải pháp về sự kế thừa, phát huy nó trong quá trình công nghiệp hóa hiện đại hoá đất nước; đồng thời giới thiệu một số khuôn mặt văn học hiện đại ( Thạch Lam, Nguyễn Bính, Nguyễn Nhược Pháp, Hoài Thanh, Hoài Chân ) đại diện cho sự kế thừa, phát huy bản sắc văn hóa dân tộc trong lĩnh vực văn học nhằm làm phong phú thêm cho những luận điểm về vấn đề này 
650 |a folk literature, vietnamese,socialism and literature,vietnam - civilization,vietnam - intellectual life,vietnam - social life and customs 
980 |a Trung tâm Học liệu Trường Đại học Cần Thơ